000
00220 a2200097 4500
001
42871
100
_a
Burke S.M
245
_a
Pakistan foreign policy
260
_a
Karachi
_b
Oxford Univ press
_c
090
_c
26761
_d
26761
942
_a
NUST-CAE
_c
M
_c
18626
999
_c
277944
_d
277944